Statistics for Map Quiz: European Writers

Click here to take the quiz!

General Stats

  • This quiz has been taken 41 times
  • The average score is 17 of 45

Answers on the Map

Answers color-coded by a green-red scale on the quiz's map according to % correct below.
 

Answer Stats

Answer% Correct
Hans Christian Andersen
83%
Homer
80%
William Shakespeare
80%
Miguel de Cervantes
77%
James Joyce
71%
Franz Kafka
69%
Gustave Flaubert
63%
Henrik Ibsen
63%
Italo Calvino
63%
Anton Chekhov
57%
Eugène Ionesco
57%
Stieg Larsson
57%
Wisława Szymborska
51%
Stefan Zweig
46%
José Saramago
43%
Halldór Kiljan Laxness
40%
Herman Hesse
40%
Ismail Kadare
40%
Georges Simenon
37%
Mikhail Bulgakov
34%
Willem Frederik Hermans
34%
Svetlana Alexievich
31%
Thomas Mann
31%
Slavoj Zizek
29%
Albert Salvadó
26%
Basilio Zanchi
26%
Grigore Vieru
23%
Hermine Rheinberger
23%
Ivo Andrić
23%
Jaan Kross
23%
Louis Notari
23%
Arthur Koestler
20%
Milena Ercolani
20%
Petar II Petrović-Njegoš
20%
Tove Jansson
20%
Emiliyan Stanev
17%
Miloš Crnjanski
17%
Pjetër Bogdani
17%
Žemaitė
17%
Ivan Gundulić
14%
Rainis
11%
Anise Koltz
9%
Frans Sammut
9%
Kočo Racin
9%
Pavel Jozef Šafárik
9%

Score Distribution

Percentile by Number Answered

Percent of People with Each Score

Your Score History

You have not taken this quiz